Neurología

Uloženo v:
Podrobná bibliografie
Hlavní autor: Zarranz, Juan J (Autor)
Médium: Kniha
Jazyk:španělština
Vydáno: Madrid Harcourt Brace 1998
Vydání:1a. ed
Témata:
Tagy: Přidat tag
Žádné tagy, Buďte první, kdo vytvoří štítek k tomuto záznamu!

MARC

LEADER 00000nam a2200000 a 4500
001 UCH3574
003 CL-VaPUC
008 090811e19980000SP |||||||||||||||||spa|d
020 |a 8481743526 
082 0 4 |a 616.8  |b ZAR  |2 21 
100 0 |a Zarranz, Juan J  |e author  |9 538953 
245 1 0 |a Neurología 
250 |a 1a. ed 
300 |a 886 p 
942 |c BK 
945 |d 20090811 00:00:00  |a cmena 
260 |a Madrid  |b Harcourt Brace  |c 1998 
650 0 |a Neurología   |9 269802 
650 7 |a ENFERMEDADES DEL SISTEMA NERVIOSO  |2 CL-VaPUC  |9 269801 
650 0 |a Desarrollo motor   |9 313002 
650 0 |a Sistema nervioso central  |9 312521 
650 0 |a Enfermedades infecciosas  |9 337719 
650 7 |a TRAUMATISMOS  |2 CL-VaPUC  |9 451086 
650 7 |a SISTEMA NERVIOSO PERIFERICO  |2 CL-VaPUC  |9 538954 
583 |a last modification  |c 20090811 00:00:00  |k Rodrigo Vera 
999 |c 335056  |d 335054 
952 |0 0  |1 0  |4 0  |6 616_800000000000000_ZAR_1998  |7 0  |8 A  |9 424601  |a BIBCUR  |b BIBCUR  |d 2019-11-22  |i 1088912  |l 1  |o 616.8 ZAR 1998  |p 1088912  |r 2024-05-22  |s 2024-05-10  |w 2019-11-22  |y BK  |k KIN 
952 |0 0  |1 0  |4 0  |6 616_800000000000000_ZAR_1998  |7 0  |8 A  |9 424602  |a BIBCUR  |b BIBCUR  |d 2019-11-22  |i 1088920  |l 2  |m 2  |o 616.8 ZAR 1998  |p 1088920  |r 2024-07-12  |s 2024-07-08  |w 2019-11-22  |y BK  |k KIN